El informe del auditor sobre el cumplimiento con las normas internacionales de información financiera y las normas contables nacionales (Registro nro. 9065)
[ vista simple ]
| 000 -LEADER | |
|---|---|
| fixed length control field | 00461 a2200121 4500 |
| 001 - CONTROL NUMBER | |
| control field | ART_7311 |
| 005 - DATE AND TIME OF LATEST TRANSACTION | |
| control field | 20260410161554.0 |
| 008 - FIXED-LENGTH DATA ELEMENTS--GENERAL INFORMATION | |
| fixed length control field | 260409a |
| 100 1# - MAIN ENTRY--PERSONAL NAME | |
| Personal name | Casal, Armando Miguel |
| 245 10 - TITLE STATEMENT | |
| Title | El informe del auditor sobre el cumplimiento con las normas internacionales de información financiera y las normas contables nacionales |
| 700 1# - ADDED ENTRY--PERSONAL NAME | |
| Personal name | Wainstein, Mario |
| 773 0# - HOST ITEM ENTRY | |
| Title | Profesional & Empresaria |
| Related parts | - Año VIII, Nº 94 (jul. 2007) |
| Record control number | REV70 |
No hay ítems disponibles.